| 000 | 00542nam a2200181 i 4500 | ||
|---|---|---|---|
| 001 | 107544 | ||
| 003 | ES-MaACL | ||
| 005 | 20251013200711.0 | ||
| 007 | t| | ||
| 008 | 061121s1934 xxu r ||||1| eng d | ||
| 100 | 1 |
_aMore, Louis Trenchard. _983198 |
|
| 245 | 1 | 0 |
_aIsaac Newton _b: a biography / _cby Louis Trenchard More. |
| 260 |
_aNew York : _bCharles Scribner's Sons, _c1934. |
||
| 300 |
_aXII, 675 p. 1 lám ; _c24. |
||
| 600 | 0 | 4 |
_aNewton, Isaac, _cSir- _xBiografías _985509 |
| 852 |
_aES-MaACL _jA-3811 |
||
| 999 |
_c107544 _d107544 |
||